Rios urbanos mais famosos da Europa - Statistics

Estatísticas Gerais
  • Esse quiz foi jogado 37 vezes
  • A pontuação média é 6 de 15
Estatísticas das Respostas
Cidades Resposta % Correto
Paris (França) Sena
88%
Bratislava (Eslováquia), Viena (Áustria), Budapeste (Hungria) e Belgrado (Sérvia) Danúbio
75%
Londres (Reino Unido) Tâmisa
75%
Basileia (Suíça), Estrasburgo (França), Colônia (Alemanha) e Roterdão (Países Baixos) Reno
69%
Lisboa (Portugal), Toledo (Espanha) Tejo
69%
Turim (Itália)
41%
Roma (Itália) Tibre
34%
Porto (Portugal) Douro
31%
Hamburgo (Alemanha) Elba
19%
Amsterdã (Países Baixos) Amstel
16%
Saragoça (Espanha) Ebro
16%
Sevilha (Espanha) Guadalquivir
16%
Orleãs, Tours e Nantes (França) Loire
9%
Madrid (Espanha) Manzanares
9%
Florença (Itália) Arno
6%
Nenhum quiz correspondente encontrado
Distribuição das Pontuações
Porcentagem de Pessoas com Cada Pontuação
Percentil de Números Respondidos
Sua Pontuação Histórica
Você não jogou esse quiz